• 首页
  • 本馆介绍
  • 公告通知
  • 最新文献
  • 馆藏检索
  • 电子资源
  • 读者导购
  • 参考咨询
  • 我的图书馆
  • 登录
  • 详细信息显示
  • 放入我的书架
  • 预约/预借图书
  • 作者相关作品
  • 分类相关作品
  • 丛书相关作品
  • 出版社相关作品

书目信息

  • 表格格式
  • 工作单格式
  • 卡片格式
题名:
我不跟你走
    
 
作者: 盖斯勒 文 ;康萍萍 译
分册: 第一辑  
出版信息: 沈阳   辽宁人民出版社  2016
页数: 1册
开本: 29cm
丛书名:
单 册:
中图分类: X956-49
科图分类:
主题词: 安全教育--an quan jiao yu--少儿读物
电子资源:
ISBN: 978-7-205-08651-0
000 01341nam0 22002891 450
001 1754569840
005 20170522155404.46
010    @a978-7-205-08651-0@b精装@dCNY30.00 (全2册60.00)
100    @a20170115d2016 bemy0chiy50 ea
101 1  @achi@cger
102    @aCN@b210000
105    @aa z 000yy
106    @ar
200 1  @a我不跟你走@9wo bu gen ni zou@h第一辑@f(德)达柯玛尔·盖斯勒文/图@g康萍萍译
210    @a沈阳@c辽宁人民出版社@d2016
215    @a1册@c彩图@d29cm@e1游戏书(26cm)
300    @a绿色印刷认证企业——绿色印刷读物 自我保护意识培养 第1辑
300    @a小萌童书
312    @a德文原名:Ich geh doch nicht mit jedem mit!
330    @a露露独自一人站在街头等家长来接她。一位阿姨恰巧走来说:“你好,露露!来,我送你回家吧!”这位阿姨和露露住在同一个小区。可是她究竟叫什么名字呢?她的红头发到底是不是真的?这一切露露都不清楚。“我不认识你,我不跟你走!”露露说,“而且妈妈说了,我得等着!”露露的清单上写得很清楚,她从不随便跟任何人走,只有在爸爸或者妈妈提前跟露露说好后,她才会跟着爸爸、妈妈指定的那个人走。
510 1  @aIch geh doch nicht mit jedem mit!@zger
606 0  @a安全教育@9an quan jiao yu@j少儿读物
690    @aX956-49@v5
701  0 @c(德)@a盖斯勒@9gai si le@c(女,@f1958~)@4文@4图
702  0 @a康萍萍@9kang ping ping@4译
801  0 @aCN@b百万庄@c20170513
905    @b1006926-31@dX956-49@e31:1@f6
    
    我不跟你走.第一辑/(德)达柯玛尔·盖斯勒文/图/康萍萍译.-沈阳:辽宁人民出版社,2016
    1册:彩图;29cm+1游戏书(26cm)
    绿色印刷认证企业——绿色印刷读物 自我保护意识培养 第1辑.-小萌童书
    
    ISBN 978-7-205-08651-0(精装):CNY30.00 (全2册60.00)
    露露独自一人站在街头等家长来接她。一位阿姨恰巧走来说:“你好,露露!来,我送你回家吧!”这位阿姨和露露住在同一个小区。可是她究竟叫什么名字呢?她的红头发到底是不是真的?这一切露露都不清楚。“我不认识你,我不跟你走!”露露说,“而且妈妈说了,我得等着!”露露的清单上写得很清楚,她从不随便跟任何人走,只有在爸爸或者妈妈提前跟露露说好后,她才会跟着爸爸、妈妈指定的那个人走。
●
相关链接 在E读中查询图书 在五车中查询图书 在当当中查询图书 在豆瓣中查询图书


正题名:我不跟你走     索取号:X956-49/31:1         预约/预借

序号 登录号 条形码 馆藏地/架位号 状态 备注
1 1006926   210069263   第二样本阅览室/ [索取号:X956-49/31:1] 在馆    
2 1006927   210069272   教育系资料室/ [索取号:X956-49/31:1] 在馆    
3 1006928   210069281   教育系资料室/ [索取号:X956-49/31:1] 在馆    
4 1006929   210069290   教育系资料室/ [索取号:X956-49/31:1] 在馆    
5 1006930   210069307   第三借阅区/ [索取号:X956-49/31:1] 在馆    
6 1006931   210069316   第三借阅区/ [索取号:X956-49/31:1] 在馆    
唐山师范学院图书馆 欢迎您!
大连网信软件有限公司© 版权所有